| 000 | 01146nam a2200265 i 4500 | ||
|---|---|---|---|
| 003 | DO-SdBNP | ||
| 005 | 20230824114923.0 | ||
| 006 | a||||gr|||| 00| 0 | ||
| 007 | ta | ||
| 008 | 230824e1993 dr ||||| |||| 00| d spa d | ||
| 040 |
_aDO-SdBNP _bspa _cBNPHU _erda |
||
| 082 | 4 |
_222 _a864.5 _bM542c, 1993 |
|
| 100 | 1 | 0 |
_aMenéndez y Pelayo, Marcelino, _d1856-1912 _eautor |
| 245 | 1 | 0 |
_aLa Celestina / _cM. Menéndez Pelayo. |
| 250 | _a5a. edición dominicana | ||
| 264 | 1 |
_aSanto Domingo : _bAlfa & Omega, _c1993 |
|
| 300 |
_a183 páginas ; _c17 cm. |
||
| 336 |
_2rdacontent _atexto _btxt |
||
| 337 |
_2rdamedia _asin mediación _bnc |
||
| 338 |
_2rdacarrier _avolumen _bnc |
||
| 500 | _aIncluye bibliografía y notas al pie de páginas. | ||
| 505 |
_aNota biográfica. _tEl autor a un amigo suyo.-- El autor, excusándose de su yerro en esta obra que escribió, contra sí arguye y compra.-- Prosigue, dando razones, por qué se movió a acabar esta obra.-- Amonesta a los que aman que sirvan a Dios y dejan los malos pensamientos y vicios del amor.-- Prólogo.-- Argumento de toda la obra. |
||
| 590 | _aInventariado 2023 / MF | ||
| 942 |
_2ddc _cLBS1 |
||
| 999 |
_c54509 _d54509 |
||